Мать-мачеха (Запись № 7582571)

Подробности
000 -МАРКЕР
контрольное поле 01797nam0a22002891 4500
001 - ИДЕНТИФИКАТОР ЗАПИСИ
контрольное поле rc\3737005
005 - ИДЕНТИФИКАТОР ВЕРСИИ
контрольное поле 20250610065959.0
021 ## - НОМЕР ГОСУДАРСТВЕННОЙ РЕГИСТРАЦИИ
Код страны Российская Федерация
Номер [69-65252]
035 ## - ДРУГИЕ СИСТЕМНЫЕ НОМЕРА
Идентификатор записи (NLR Aleph) 007782305
100 ## - ДАННЫЕ ОБЩЕЙ ОБРАБОТКИ
Данные общей обработки 20130115d1969 |||y0rusy50 ca
101 0# - ЯЗЫК РЕСУРСА
Язык текста, звукозаписи и т.д. русский
102 ## - СТРАНА ПУБЛИКАЦИИ ИЛИ ПРОИЗВОДСТВА
Страна публикации Российская Федерация
105 ## - ПОЛЕ КОДИРОВАННЫХ ДАННЫХ: ТЕКСТОВЫЕ МАТЕРИАЛЫ, МОНОГРАФИЧЕСКИЕ
Кодированные данные о монографическом текстовом документе a z |||a|
200 1# - ЗАГЛАВИЕ И СВЕДЕНИЯ ОБ ОТВЕТСТВЕННОСТИ
Основное заглавие Мать-мачеха
Сведения, относящиеся к заглавию Роман
-- Рассказы
Первые сведения об ответственности [Вступ. статья Б. Леонова, с. 5-22
Последующие сведения об ответственности Ил.: В. Саксон
210 ## - ПУБЛИКАЦИЯ, РАСПРОСТРАНЕНИЕ И ДР.
Место издания, распространения и т.д. Москва
Имя издателя, распространителя и т. д. Моск. рабочий
Дата издания, распространения и т.д. 1969]
215 ## - ФИЗИЧЕСКАЯ ХАРАКТЕРИСТИКА
Специфическое обозначение материала и объем 487 с.
Другие сведения о физической характеристике ил.
Размеры 21
327 0# - ПРИМЕЧАНИЯ О СОДЕРЖАНИИ
Текст примечания Содерж.: Мать-мачеха: Роман; Рассказы: Каравай заварного хлеба; Свидание в Вязниках; Мошенники; Обида; Серафима; И звезда с звездою говорит...; На лыжне; "Наша дама"; Характер; Ножичек с костяной ручкой и др.
464 #0 - АНАЛИТИЧЕСКИЙ УРОВЕНЬ
Встроенное поле 2001#$aМать-мачеха$eРоман$aКаравай заварного хлеба$eРассказ$aСвидание в Вязниках$eРассказ$aМошенники$eРассказ$aОбида$eРассказ$aСерафима$eРассказ$aИ звезда с звездою говорит...$eРассказ$aНа лыжне$eРассказ$a"Наша дама"$eРассказ$aХарактер$eРассказ$aНожичек с костяной ручкой$eРассказ
Заглавие Ножичек с костяной ручкой
700 #1 - ИМЯ ЛИЦА - ПЕРВИЧНАЯ ОТВЕТСТВЕННОСТЬ
Начальный элемент ввода Солоухин
Часть имени, кроме начального элемента ввода В.А.
Даты 1924-1997
Расширение инициалов личного имени Владимир Алексеевич
702 #1 - ИМЯ ЛИЦА - ВТОРИЧНАЯ ОТВЕТСТВЕННОСТЬ
Начальный элемент ввода Леонов
Часть имени, кроме начального элемента ввода Б.
Код отношения Автор введения, предисловия, примечания и т.п.
702 #1 - ИМЯ ЛИЦА - ВТОРИЧНАЯ ОТВЕТСТВЕННОСТЬ
Начальный элемент ввода Саксон
Часть имени, кроме начального элемента ввода В.
Код отношения Иллюстратор
801 #0 - ИСТОЧНИК ЗАПИСИ
Страна Российская Федерация
Организация NLR
Правила каталогизации psbo
801 #1 - ИСТОЧНИК ЗАПИСИ
Страна Российская Федерация
Организация ELAR
Источник данных rusmarc
852 ## - МЕСТОНАХОЖДЕНИЕ И ШИФР ХРАНЕНИЯ
Идентификатор организации NLR
Шифр хранения (Call Number) 69-5/3866
942 ## - ДОПОЛНИТЕЛЬНЫЕ ЭЛЕМЕНТЫ ЗАПИСИ (АБИС)
Тип экземпляра АБИС Книга
980 ## - КОЛЛЕКЦИЯ
Название коллекции Национальная библиография
Экземпляры
Тип экземпляра Дата поступления Библиотека постоянного хранения Библиотека текущего хранения Место хранения Шифр хранения Штрих-код Статус экземпляра
Книга 26.10.2013 РНБ (Московский) РНБ (Московский) Русский книжный фонд: издания с 1957 года 69-5/3866 7782305-10